| 000 | 00462nam a2200145 4500 | ||
|---|---|---|---|
| 008 | 151027b xxu||||| |||| 00| 0 eng d | ||
| 020 | _a9966467416 | ||
| 050 | _aAFR PR 9381.9.A54 1996 | ||
| 100 |
_aAngira, Jared. _d1996 |
||
| 245 |
_aTides of time: Selected poems/ _cJared Angira |
||
| 260 |
_aNairobi; _bEAEP, _c1996. |
||
| 300 |
_a168 p. _c18cm. |
||
| 650 | _aAfrica Fiction. | ||
| 942 |
_2lcc _cSH_L_BOOKS _hAFR PR 9381.9.A54 1996 |
||
| 999 |
_c9417 _d9417 |
||